[Event "Madrid-ch 2017-2018 - Previa A"]
[Site "Madrid ESP"]
[Date "2018.02.19"]
[Round "7.13"]
[White "Caamaño Jimenez, Luis"]
[Black "Lizon Martinez, Santiago"]
[Result "1/2-1/2"]
[WhiteElo "1746"]
[BlackElo "1710"]
[PlyCount "53"]
[EventDate "2018.02.05"]
[EventType "swiss"]
[EventRounds "9"]
[EventCountry "ESP"]
[SourceTitle "Ajedrez en Madrid"]
[Source "lmi"]
[SourceDate "2018.02.05"]

1. c4 e5 2. g3 Nf6 3. Nc3 Bb4 4. d3 O-O 5. Bg2 c6 6. Qb3 Bc5 7. Nf3 d6 8. Bg5
Nbd7 9. Ne4 Qa5+ 10. Bd2 Qc7 11. Nxc5 Nxc5 12. Qc2 e4 13. dxe4 Ncxe4 14. Bf4
Qa5+ 15. Bd2 Nxd2 16. Qxd2 Qc5 17. Qd4 Qa5+ 18. Nd2 Bg4 19. f3 Be6 20. O-O Rfd8
21. e4 Qe5 22. Qxe5 dxe5 23. Rf2 Rd4 24. b3 Rad8 25. Nf1 c5 26. Ne3 Rd3 27. Re2
1/2-1/2

[Event "Madrid-ch 2017-2018 - Previa A"]
[Site "Madrid ESP"]
[Date "2018.02.19"]
[Round "7.14"]
[White "Carrasco Coquillat, Jorge"]
[Black "Gortazar Rubial, Javier Maria"]
[Result "1/2-1/2"]
[WhiteElo "1726"]
[BlackElo "1543"]
[PlyCount "38"]
[EventDate "2018.02.05"]
[EventType "swiss"]
[EventRounds "9"]
[EventCountry "ESP"]
[SourceTitle "Ajedrez en Madrid"]
[Source "lmi"]
[SourceDate "2018.02.05"]

1. c4 Nf6 2. Nf3 c6 3. d4 d5 4. e3 e6 5. Bd3 Nbd7 6. Nbd2 dxc4 7. Bxc4 c5 8.
dxc5 Bxc5 9. O-O O-O 10. b3 a6 11. a4 b6 12. Bb2 Bb7 13. Rc1 Qe7 14. Qe2 Ba3
15. Bxa3 Qxa3 16. Rfd1 Rac8 17. Ra1 Qb4 18. Nd4 a5 19. Rac1 Qe7 1/2-1/2

[Event "Madrid-ch 2017-2018 - Previa A"]
[Site "Madrid ESP"]
[Date "2018.02.19"]
[Round "7.15"]
[White "Yeves Miquel, Enrique"]
[Black "Martinez Miura, Enrique"]
[Result "1-0"]
[WhiteElo "1762"]
[BlackElo "1618"]
[PlyCount "68"]
[EventDate "2018.02.05"]
[EventType "swiss"]
[EventRounds "9"]
[EventCountry "ESP"]
[SourceTitle "Ajedrez en Madrid"]
[Source "lmi"]
[SourceDate "2018.02.05"]

1. c4 c6 2. Nf3 d5 3. e3 Nd7 4. Nc3 e6 5. b3 Ngf6 6. Bb2 Be7 7. Qc2 O-O 8. Be2
b6 9. O-O Bb7 10. d4 Rc8 11. Ne5 Nxe5 12. dxe5 Nd7 13. f4 g6 14. Rfd1 Bc5 15.
Qd2 Qh4 16. g3 Qh3 17. a3 h5 18. b4 Be7 19. Bf1 Qg4 20. Qf2 h4 21. Be2 hxg3 22.
hxg3 Qh3 23. Bf3 Kg7 24. cxd5 cxd5 25. Qg2 Qxg2+ 26. Kxg2 Rc7 27. Rac1 a6 28.
e4 dxe4 29. Bxe4 Rfc8 30. Bxb7 Rxb7 31. Ne4 Rbc7 32. Rxd7 Rxc1 33. Bxc1 Rxc1
34. Rxe7 Ra1 1-0

[Event "Madrid-ch 2017-2018 - Previa A"]
[Site "Madrid ESP"]
[Date "2018.02.19"]
[Round "7.16"]
[White "Corredor Gonzalez, Angel L"]
[Black "Marcelo de la Mata, Daniel"]
[Result "0-1"]
[WhiteElo "1745"]
[BlackElo "1609"]
[PlyCount "70"]
[EventDate "2018.02.05"]
[EventType "swiss"]
[EventRounds "9"]
[EventCountry "ESP"]
[SourceTitle "Ajedrez en Madrid"]
[Source "lmi"]
[SourceDate "2018.02.05"]

1. e4 c5 2. Nc3 d6 3. f4 e6 4. Nf3 Nc6 5. Bb5 Nge7 6. a3 g6 7. O-O Bg7 8. Qe1
a6 9. Bxc6+ Nxc6 10. d3 b5 11. e5 dxe5 12. fxe5 Qc7 13. Bf4 O-O 14. Qg3 Ne7 15.
Ne4 Nd5 16. Nf6+ Bxf6 17. exf6 Qxf4 18. Qxf4 Nxf4 19. Ne5 Nd5 20. Rae1 Bb7 21.
Nd7 Rfd8 22. Nxc5 Bc6 23. Ne4 Rac8 24. c4 bxc4 25. dxc4 Nb6 26. c5 Bxe4 27.
cxb6 Bb7 28. Rc1 Kf8 29. Rc7 Rxc7 30. bxc7 Rc8 31. Rd1 Ke8 32. Rc1 Kd7 33. g4
e5 34. Kf2 Rxc7 35. Rd1+ Ke6 0-1

[Event "Madrid-ch 2017-2018 - Previa A"]
[Site "Madrid ESP"]
[Date "2018.02.19"]
[Round "7.17"]
[White "Salgado Duarte, Pablo"]
[Black "De La Fuente Ebro, Miguel Angel"]
[Result "1-0"]
[WhiteElo "1530"]
[BlackElo "1712"]
[PlyCount "153"]
[EventDate "2018.02.05"]
[EventType "swiss"]
[EventRounds "9"]
[EventCountry "ESP"]
[SourceTitle "Ajedrez en Madrid"]
[Source "lmi"]
[SourceDate "2018.02.05"]

1. d4 Nf6 2. c4 e6 3. Nc3 d5 4. Nf3 Be7 5. Bf4 O-O 6. e3 c6 7. h3 Nbd7 8. cxd5
exd5 9. Bd3 Re8 10. O-O Nf8 11. Re1 Ng6 12. Bxg6 fxg6 13. a3 Bd6 14. Bxd6 Qxd6
15. Ne5 Nd7 16. Nd3 Qf6 17. b4 Nf8 18. b5 Bf5 19. Ne5 Nd7 20. Nxd7 Bxd7 21. a4
Qg5 22. Kh1 Rf8 23. f4 Qg3 24. Qd2 Rae8 25. Re2 Re7 26. Rf1 Qh4 27. Qe1 Qxe1
28. Rexe1 Rfe8 29. Rf3 Bf5 30. Kg1 Bd3 31. Kf2 Bc4 32. bxc6 bxc6 33. Rb1 Rc8
34. a5 h5 35. Rg3 Kh7 36. Na4 Ree8 37. Nc5 Rb8 38. Rxb8 Rxb8 39. Nd7 Rb1 40.
Rf3 h4 41. g3 hxg3+ 42. Rxg3 Rf1+ 43. Kg2 Ra1 44. Ne5 Rxa5 45. Rxg6 Ra2+ 46.
Kg3 Ra1 47. Rxc6 Rg1+ 48. Kh2 Re1 49. Nxc4 dxc4 50. Rxc4 Rxe3 51. Ra4 Re7 52.
Kg3 Kg6 53. Kg4 Kf6 54. Ra6+ Kf7 55. Kf5 Rd7 56. Ra4 g6+ 57. Ke4 Kg7 58. Ra6
Kf7 59. d5 Re7+ 60. Kd4 Rd7 61. Kc5 Rc7+ 62. Rc6 Rd7 63. Ra6 Rc7+ 64. Kd6 Rb7
65. Rc6 Kf6 66. Rc7 Rb6+ 67. Kd7 a5 68. Ra7 Rb5 69. Ra6+ Kf5 70. Kc6 Rb3 71.
Rxa5 Rxh3 72. d6+ Kxf4 73. Rd5 Rc3+ 74. Kd7 g5 75. Ke6 Re3+ 76. Kf6 Re8 77. d7
1-0

[Event "Madrid-ch 2017-2018 - Previa A"]
[Site "Madrid ESP"]
[Date "2018.02.19"]
[Round "7.18"]
[White "Jimenez Jimenez, Darfo"]
[Black "Dominguez Afonso, Ayraldo"]
[Result "1-0"]
[WhiteElo "1708"]
[BlackElo "1561"]
[PlyCount "41"]
[EventDate "2018.02.05"]
[EventType "swiss"]
[EventRounds "9"]
[EventCountry "ESP"]
[SourceTitle "Ajedrez en Madrid"]
[Source "lmi"]
[SourceDate "2018.02.05"]

1. e4 e5 2. Nf3 Nc6 3. d4 exd4 4. Nxd4 Bc5 5. Be3 Qf6 6. Nb5 Bxe3 7. fxe3 Qxb2
8. N1c3 Qb4 9. Qg4 g6 10. Nxc7+ Kd8 11. N7d5 Qa5 12. Qf4 Nge7 13. Qf6 Rf8 14.
Bc4 b6 15. O-O Ba6 16. Bxa6 Qxa6 17. Qg7 Rg8 18. Qxf7 Re8 19. Rad1 Nxd5 20.
Nxd5 Ne7 21. Qxe8+ 1-0

[Event "Madrid-ch 2017-2018 - Previa A"]
[Site "Madrid ESP"]
[Date "2018.02.19"]
[Round "7.19"]
[White "Mora Agudo, Jose"]
[Black "Lopez Orellana, Federico"]
[Result "1-0"]
[WhiteElo "1480"]
[BlackElo "1702"]
[PlyCount "47"]
[EventDate "2018.02.05"]
[EventType "swiss"]
[EventRounds "9"]
[EventCountry "ESP"]
[SourceTitle "Ajedrez en Madrid"]
[Source "lmi"]
[SourceDate "2018.02.05"]

1. d4 Nf6 2. c4 b6 3. Nc3 Bb7 4. Bg5 Ne4 5. Nxe4 Bxe4 6. Nf3 g6 7. d5 Bxf3 8.
exf3 Bg7 9. Qd2 h6 10. Be3 d6 11. Bd4 O-O 12. Bxg7 Kxg7 13. Qd4+ Kh7 14. Bd3
Nd7 15. h4 f5 16. h5 g5 17. O-O-O Ne5 18. Bc2 c5 19. dxc6 Nxc6 20. Qd5 Qc8 21.
Rhe1 Ne5 22. g3 e6 23. Qxd6 Nxc4 24. Qe7+ 1-0

[Event "Madrid-ch 2017-2018 - Previa A"]
[Site "Madrid ESP"]
[Date "2018.02.19"]
[Round "7.20"]
[White "Ramos Garcia, Raul"]
[Black "Enriquez Pastor, Jorge"]
[Result "1-0"]
[WhiteElo "1700"]
[BlackElo "1468"]
[PlyCount "56"]
[EventDate "2018.02.05"]
[EventType "swiss"]
[EventRounds "9"]
[EventCountry "ESP"]
[SourceTitle "Ajedrez en Madrid"]
[Source "lmi"]
[SourceDate "2018.02.05"]

1. d4 d5 2. c4 dxc4 3. e4 Nf6 4. e5 Nd5 5. Bxc4 c6 6. Nc3 Bf5 7. Qb3 Qd7 8.
Nxd5 cxd5 9. Bxd5 Nc6 10. Bxc6 Qxc6 11. Nf3 e6 12. O-O Be7 13. Bd2 O-O 14. Rac1
Qd7 15. Bb4 Bxb4 16. Qxb4 Rfc8 17. Rc3 Rxc3 18. bxc3 b6 19. Rc1 Rc8 20. h3 Qd5
21. c4 Qd7 22. c5 bxc5 23. Rxc5 h6 24. Qc4 Rxc5 25. dxc5 Qd1+ 26. Kh2 Qd5 27.
Qxd5 exd5 28. Nd4 Kf8 1-0

[Event "Madrid-ch 2017-2018 - Previa A"]
[Site "Madrid ESP"]
[Date "2018.02.19"]
[Round "7.21"]
[White "Bermejo Redondo, Oscar"]
[Black "Moreno Uribarri, Miguel"]
[Result "1-0"]
[WhiteElo "1828"]
[BlackElo "1626"]
[PlyCount "113"]
[EventDate "2018.02.05"]
[EventType "swiss"]
[EventRounds "9"]
[EventCountry "ESP"]
[SourceTitle "Ajedrez en Madrid"]
[Source "lmi"]
[SourceDate "2018.02.05"]

1. b3 e5 2. Bb2 Nc6 3. e3 d5 4. d4 exd4 5. exd4 Nf6 6. Nf3 Be7 7. Be2 O-O 8.
O-O Bf5 9. a3 Re8 10. c4 Bd6 11. Nc3 Ne7 12. Bd3 Bxd3 13. Qxd3 c6 14. Rfe1 Ng6
15. Rxe8+ Qxe8 16. Re1 Qd7 17. Bc1 Re8 18. Rxe8+ Qxe8 19. Kf1 Nf4 20. Qc2 Ne4
21. Bxf4 Bxf4 22. cxd5 Nxc3 23. Qxc3 cxd5 24. g3 Bd6 25. Qa5 Qe4 26. Kg2 a6 27.
a4 h6 28. Qd8+ Bf8 29. Qc8 g5 30. h3 f5 31. g4 fxg4 32. Qxg4 Qxg4+ 33. hxg4 Bg7
34. Kf1 Kf7 35. Ke2 Ke6 36. Kd3 Kd6 37. Nd2 Kc6 38. Nf1 b5 39. axb5+ axb5 40.
Ne3 b4 41. Nf5 Bf8 42. Ke3 Kd7 43. Ng3 Bd6 44. Nh5 Ke6 45. Ng7+ Kf7 46. Nf5 Bf8
47. f4 Ke6 48. Kf3 Kf6 49. Ne3 gxf4 50. Nxd5+ Kg5 51. Nxf4 Bd6 52. Nh5 Kg6 53.
Ng3 Bxg3 54. Kxg3 Kf6 55. Kf4 Ke6 56. Ke4 Kf6 57. d5 1-0

[Event "Madrid-ch 2017-2018 - Previa A"]
[Site "Madrid ESP"]
[Date "2018.02.19"]
[Round "7.22"]
[White "Osorio Ramos, Francisco"]
[Black "Martinez Martinez, Javier II"]
[Result "1-0"]
[WhiteElo "1821"]
[BlackElo "1601"]
[PlyCount "111"]
[EventDate "2018.02.05"]
[EventType "swiss"]
[EventRounds "9"]
[EventCountry "ESP"]
[SourceTitle "Ajedrez en Madrid"]
[Source "lmi"]
[SourceDate "2018.02.05"]

1. d4 Nf6 2. c4 e6 3. Nf3 b6 4. g3 Bb4+ 5. Bd2 a5 6. Bg2 Bb7 7. Nc3 O-O 8. O-O
Bxc3 9. Bxc3 d6 10. b3 Nbd7 11. Qc2 Be4 12. Qb2 c5 13. Rad1 Qe7 14. Nd2 Bxg2
15. Kxg2 e5 16. dxe5 dxe5 17. e4 Rfe8 18. Rfe1 Nf8 19. Nf3 N6d7 20. Rd5 f6 21.
Red1 Rad8 22. Qd2 Qf7 23. Nh4 g6 24. Nf3 Re7 25. h4 Ne6 26. h5 Nd4 27. hxg6
Qxg6 28. Qd3 Rde8 29. Nh4 Qf7 30. Bxd4 exd4 31. Nf5 Qg6 32. Nxe7+ Rxe7 33. f4
Nf8 34. e5 f5 35. Rd6 Ne6 36. Qf3 h5 37. Rh1 Rh7 38. Qa8+ Kg7 39. Rd7+ Kh6 40.
Rxh7+ Kxh7 41. Qf3 Kh6 42. Kf2 d3 43. Qxd3 Nd4 44. Rh4 Qc6 45. Qd1 Qg6 46. Qh1
Ne6 47. Qa8 Ng7 48. Qh8+ Qh7 49. Qxh7+ Kxh7 50. Rh1 Kh6 51. Rd1 h4 52. Rd6+ Kh5
53. gxh4 Kxh4 54. e6 Kg4 55. e7 Kxf4 56. Rd8 1-0

[Event "Madrid-ch 2017-2018 - Previa A"]
[Site "Madrid ESP"]
[Date "2018.02.19"]
[Round "7.24"]
[White "Ramos Antona, Enrique"]
[Black "Tapia Sanchez, Jose Manuel"]
[Result "0-1"]
[WhiteElo "1587"]
[BlackElo "1687"]
[PlyCount "62"]
[EventDate "2018.02.05"]
[EventType "swiss"]
[EventRounds "9"]
[EventCountry "ESP"]
[SourceTitle "Ajedrez en Madrid"]
[Source "lmi"]
[SourceDate "2018.02.05"]

1. d4 Nf6 2. c4 e5 3. dxe5 Ng4 4. Nf3 Nc6 5. Bf4 Bb4+ 6. Nc3 Qe7 7. Qd5 f6 8.
exf6 Nxf6 9. Qd3 O-O 10. e3 d6 11. a3 Bxc3+ 12. bxc3 Ne4 13. Bg5 Nxg5 14. Nxg5
Qxg5 15. h4 Qf6 16. f3 Bf5 17. e4 Be6 18. Rb1 b6 19. c5 dxc5 20. Qe3 Rad8 21.
Be2 Ne5 22. Rb2 Nc4 23. Bxc4 Bxc4 24. e5 Qf5 25. Kf2 Rd3 26. Qg5 Qxg5 27. hxg5
Rxc3 28. Rh4 Bd5 29. Rd2 c6 30. f4 Rxa3 31. g4 Rxf4+ 0-1

[Event "Madrid-ch 2017-2018 - Previa A"]
[Site "Madrid ESP"]
[Date "2018.02.19"]
[Round "7.25"]
[White "Ballesteros Cudero, Juan Carlos"]
[Black "Gonzalez Pinar, Adrian"]
[Result "1-0"]
[WhiteElo "1660"]
[BlackElo "1487"]
[PlyCount "55"]
[EventDate "2018.02.05"]
[EventType "swiss"]
[EventRounds "9"]
[EventCountry "ESP"]
[SourceTitle "Ajedrez en Madrid"]
[Source "lmi"]
[SourceDate "2018.02.05"]

1. e4 e6 2. d4 d5 3. Nd2 dxe4 4. Nxe4 Bd7 5. Nf3 Bc6 6. Bd3 Nd7 7. Qe2 Ngf6 8.
Bg5 Be7 9. O-O O-O 10. c3 h6 11. Nxf6+ Nxf6 12. Bf4 Bd6 13. Ne5 Bxe5 14. Bxe5
Qd5 15. f3 Qd7 16. Bxf6 gxf6 17. Qf2 f5 18. Qh4 Kh7 19. Rae1 Rad8 20. Re2 Bb5
21. Bxb5 Qxb5 22. Rfe1 Qc4 23. h3 c5 24. g4 fxg4 25. hxg4 Rd5 26. Rh2 h5 27. g5
Rxg5+ 28. Qxg5 1-0

[Event "Madrid-ch 2017-2018 - Previa A"]
[Site "Madrid ESP"]
[Date "2018.02.19"]
[Round "7.26"]
[White "Martinez Pintor, Juan"]
[Black "Martin Garcia, Francisco Javier"]
[Result "1-0"]
[WhiteElo "1670"]
[BlackElo "1461"]
[PlyCount "87"]
[EventDate "2018.02.05"]
[EventType "swiss"]
[EventRounds "9"]
[EventCountry "ESP"]
[SourceTitle "Ajedrez en Madrid"]
[Source "lmi"]
[SourceDate "2018.02.05"]

1. d4 Nf6 2. c4 g6 3. Nc3 d5 4. cxd5 Nxd5 5. e4 Nxc3 6. bxc3 Bg7 7. Be3 c5 8.
Rc1 Qa5 9. Qd2 O-O 10. h3 Rd8 11. Nf3 Nc6 12. d5 Ne5 13. Nxe5 Bxe5 14. f4 Bg7
15. c4 Qxd2+ 16. Kxd2 b6 17. Be2 Bd7 18. Rb1 Ba4 19. Bd1 Bxd1 20. Rhxd1 Kf8 21.
a4 Ke8 22. Ke2 h5 23. g4 hxg4 24. hxg4 Kd7 25. a5 Kc7 26. f5 gxf5 27. gxf5 Be5
28. Rh1 Rh8 29. Kf3 Rag8 30. Bf4 Bxf4 31. axb6+ axb6 32. Kxf4 Rxh1 33. Rxh1 f6
34. e5 fxe5+ 35. Kxe5 Kd7 36. Rh6 Rb8 37. Rh7 Rf8 38. d6 Re8 39. f6 Kc6 40.
dxe7 b5 41. cxb5+ Kxb5 42. Ke6 c4 43. f7 Rxe7+ 44. Kxe7 1-0

[Event "Madrid-ch 2017-2018 - Previa A"]
[Site "Madrid ESP"]
[Date "2018.02.19"]
[Round "7.27"]
[White "Perez Ramos, Miguel Angel"]
[Black "Hernandez Gutierrez, Jose"]
[Result "0-1"]
[WhiteElo "1164"]
[BlackElo "1804"]
[PlyCount "56"]
[EventDate "2018.02.05"]
[EventType "swiss"]
[EventRounds "9"]
[EventCountry "ESP"]
[SourceTitle "Ajedrez en Madrid"]
[Source "lmi"]
[SourceDate "2018.02.05"]

1. Nf3 d5 2. d4 Nf6 3. Ne5 Bf5 4. e3 e6 5. Nc3 Be7 6. Be2 O-O 7. Bd3 Bxd3 8.
Qxd3 c5 9. dxc5 Bxc5 10. Ne2 Qc7 11. f4 Nc6 12. Nf3 Rac8 13. c3 a6 14. b4 Ba7
15. Ba3 Rfe8 16. Bb2 e5 17. fxe5 Nxe5 18. Nxe5 Qxe5 19. Bc1 Ng4 20. Bd2 Bxe3
21. O-O-O Nf2 22. Qxe3 Qxe3 23. Bxe3 Rxe3 24. Ng3 Nxh1 25. Nxh1 Rexc3+ 26. Kb1
Rc2 27. Ng3 g6 28. h4 Rxg2 0-1

[Event "Madrid-ch 2017-2018 - Previa A"]
[Site "Madrid ESP"]
[Date "2018.02.19"]
[Round "7.28"]
[White "Osuna Osuna, Francisco"]
[Black "Martinez Carrasco, Jesus"]
[Result "0-1"]
[WhiteElo "1566"]
[BlackElo "1620"]
[PlyCount "38"]
[EventDate "2018.02.05"]
[EventType "swiss"]
[EventRounds "9"]
[EventCountry "ESP"]
[SourceTitle "Ajedrez en Madrid"]
[Source "lmi"]
[SourceDate "2018.02.05"]

1. e4 c5 2. Nc3 d6 3. f4 Nf6 4. Nf3 a6 5. g3 Nc6 6. Bg2 Qc7 7. O-O Bd7 8. d4
cxd4 9. Nxd4 Qb6 10. e5 Ng8 11. Bxc6 bxc6 12. exd6 exd6 13. Re1+ Be7 14. Ne4
Kf8 15. Nf2 Nf6 16. c3 h5 17. b3 c5 18. Nf3 Qb7 19. Nh3 Bxh3 0-1

[Event "Madrid-ch 2017-2018 - Previa A"]
[Site "Madrid ESP"]
[Date "2018.02.19"]
[Round "7.30"]
[White "Bellagamba, Pascal"]
[Black "Caravantes Camacho, Fernando"]
[Result "1/2-1/2"]
[WhiteElo "1605"]
[BlackElo "1551"]
[PlyCount "154"]
[EventDate "2018.02.05"]
[EventType "swiss"]
[EventRounds "9"]
[EventCountry "ESP"]
[SourceTitle "Ajedrez en Madrid"]
[Source "lmi"]
[SourceDate "2018.02.05"]

1. e4 d6 2. d4 g6 3. Be3 Bg7 4. Bd3 Nf6 5. f3 e5 6. d5 O-O 7. Ne2 Ne8 8. Qd2 f5
9. Nbc3 f4 10. Bf2 Nd7 11. O-O-O b6 12. Bb5 a6 13. Bc6 Rb8 14. h4 Nef6 15. Kb1
Nc5 16. g4 fxg3 17. Nxg3 Nh5 18. Nxh5 gxh5 19. Qe2 Qf6 20. Bxc5 bxc5 21. Rdf1
Bh6 22. Nd1 Bf4 23. Rfg1+ Kh8 24. Nf2 a5 25. Nh3 Bxh3 26. Rxh3 Rb6 27. a4 Rbb8
28. Qe1 Rb4 29. Bb5 Qh6 30. Rg2 Rd4 31. Qxa5 Rd1+ 32. Ka2 Rd2 33. Rxd2 Bxd2 34.
Qxc7 Bb4 35. Rg3 Be1 36. Rh3 Qg6 37. Qe7 Rf7 38. Qd8+ Kg7 39. Be8 Qf6 40. Qxf6+
Rxf6 41. Bxh5 Rh6 42. Bg4 Rxh4 43. Rxh4 Bxh4 44. c3 c4 45. a5 Bf2 46. b4 cxb3+
47. Kxb3 Kf7 48. a6 Ke7 49. Ka4 Kd8 50. Kb5 Kc7 51. Kc4 Kb6 52. Kd3 Kxa6 53.
Ke2 Bg3 54. Kf1 Kb5 55. Kg2 Bf4 56. Kh3 Kc4 57. Bd7 Kxc3 58. Kg4 Kd3 59. Kh5
Ke3 60. Bg4 Kf2 61. Kh4 Kg2 62. Bh5 Be3 63. Kg4 h6 64. Kf5 Kg3 65. Bg4 Kh4 66.
Kg6 Bf4 67. Kf6 h5 68. Bf5 Kg3 69. Ke6 Kxf3 70. Kxd6 h4 71. Ke6 h3 72. Bxh3
Kxe4 73. Bf5+ Kd4 74. d6 Bg5 75. d7 e4 76. Bg4 e3 77. Bf3 Bd8 1/2-1/2

[Event "Madrid-ch 2017-2018 - Previa A"]
[Site "Madrid ESP"]
[Date "2018.02.19"]
[Round "7.31"]
[White "Gonzalez Recas, Fernando"]
[Black "Diaz del Prado, Carlos"]
[Result "1/2-1/2"]
[WhiteElo "1643"]
[BlackElo "1302"]
[PlyCount "72"]
[EventDate "2018.02.05"]
[EventType "swiss"]
[EventRounds "9"]
[EventCountry "ESP"]
[SourceTitle "Ajedrez en Madrid"]
[Source "lmi"]
[SourceDate "2018.02.05"]

1. e4 e5 2. Nf3 Nf6 3. Nc3 Nc6 4. Bb5 Bb4 5. O-O O-O 6. a3 Bxc3 7. bxc3 Nxe4 8.
Re1 Nd6 9. Ba4 e4 10. Nd4 Nxd4 11. cxd4 b6 12. Bb3 Qf6 13. Bb2 Bb7 14. c4 c5
15. dxc5 Qxb2 16. cxd6 Qf6 17. d4 exd3 18. Qxd3 Rae8 19. Rad1 Qg5 20. Qh3 Bc6
21. Kf1 Rxe1+ 22. Rxe1 Qc5 23. Bc2 Qxc4+ 24. Bd3 Bxg2+ 25. Kxg2 Qd5+ 26. Be4
Qg5+ 27. Kh1 g6 28. Qd3 Re8 29. f3 Kg7 30. Rg1 Qf4 31. Qc3+ Kg8 32. Qd3 Kg7 33.
Qc3+ Kg8 34. Qc7 Rxe4 35. fxe4 Qf3+ 36. Rg2 Qf1+ 1/2-1/2

[Event "Madrid-ch 2017-2018 - Previa A"]
[Site "Madrid ESP"]
[Date "2018.02.19"]
[Round "7.35"]
[White "Perales Hernandez, Manuel"]
[Black "Santiago Garcia, Jorge"]
[Result "0-1"]
[WhiteElo "1345"]
[BlackElo "1483"]
[PlyCount "58"]
[EventDate "2018.02.05"]
[EventType "swiss"]
[EventRounds "9"]
[EventCountry "ESP"]
[SourceTitle "Ajedrez en Madrid"]
[Source "lmi"]
[SourceDate "2018.02.05"]

1. e4 c5 2. e5 d6 3. Nf3 dxe5 4. Nxe5 a6 5. Bc4 e6 6. d3 Nf6 7. Qf3 Nbd7 8. Ng4
Nxg4 9. Qxg4 Nf6 10. Qe2 Be7 11. Nc3 O-O 12. Be3 b5 13. Bb3 Bb7 14. f3 Rc8 15.
a3 Nd5 16. Nxd5 exd5 17. c4 bxc4 18. dxc4 d4 19. Rd1 Re8 20. g4 Bh4+ 21. Kf1
Rxe3 22. Qc2 Qg5 23. Qd2 Rce8 24. Ba4 Re1+ 25. Rxe1 Rxe1+ 26. Qxe1 Bxe1 27. Bc2
Qe3 28. Bxh7+ Kh8 29. Bd3 Qf2# 0-1

[Event "Madrid-ch 2017-2018 - Previa A"]
[Site "Madrid ESP"]
[Date "2018.02.20"]
[Round "8.1"]
[White "Fernandez Aransay, Fernando"]
[Black "Camarero Izquierdo, Juan Carlos"]
[Result "0-1"]
[WhiteElo "1811"]
[BlackElo "1915"]
[PlyCount "56"]
[EventDate "2018.02.05"]
[EventType "swiss"]
[EventRounds "9"]
[EventCountry "ESP"]
[SourceTitle "Ajedrez en Madrid"]
[Source "lmi"]
[SourceDate "2018.02.05"]

1. e4 c5 2. Nf3 d6 3. d4 cxd4 4. Nxd4 Nf6 5. Nc3 a6 6. Bc4 Qc7 7. Bb3 e6 8. O-O
Nc6 9. Be3 Be7 10. f4 Bd7 11. Qf3 Nxd4 12. Bxd4 Bc6 13. Rae1 b5 14. f5 e5 15.
Bf2 b4 16. Nd5 Nxd5 17. Bxd5 Bxd5 18. exd5 Qxc2 19. Rxe5 dxe5 20. d6 e4 21. Qg4
Bxd6 22. Qxg7 O-O-O 23. Qxf7 Qc7 24. Qe6+ Kb8 25. Qh6 Bc5 26. g3 Bxf2+ 27. Kxf2
e3+ 28. Qxe3 Qa7 0-1

[Event "Madrid-ch 2017-2018 - Previa A"]
[Site "Madrid ESP"]
[Date "2018.02.20"]
[Round "8.2"]
[White "Vazquez Gonzalez, Jesus"]
[Black "Ruiz Quevedo, Andres"]
[Result "1-0"]
[WhiteElo "1985"]
[BlackElo "1917"]
[PlyCount "85"]
[EventDate "2018.02.05"]
[EventType "swiss"]
[EventRounds "9"]
[EventCountry "ESP"]
[SourceTitle "Ajedrez en Madrid"]
[Source "lmi"]
[SourceDate "2018.02.05"]

1. c4 Nf6 2. g3 e6 3. Bg2 c5 4. Nc3 Be7 5. e4 Nc6 6. Nge2 O-O 7. O-O d6 8. f4
a6 9. d3 Rb8 10. h3 Qc7 11. a4 Nd4 12. Be3 Nxe2+ 13. Qxe2 Bd7 14. g4 Bc6 15. g5
Nd7 16. f5 Rfe8 17. fxe6 fxe6 18. g6 h6 19. Bf3 Ne5 20. Bh5 b5 21. axb5 axb5
22. cxb5 Bxb5 23. Nxb5 Rxb5 24. d4 Nc4 25. Qxc4 d5 26. Bf4 Qxf4 27. Qxb5 Qg3+
28. Kh1 Qxh3+ 29. Kg1 Qg3+ 30. Kh1 Qh4+ 31. Kg1 Qg5+ 32. Kf2 Rf8+ 33. Ke1 Qh4+
34. Kd2 Bg5+ 35. Kc2 Qxe4+ 36. Qd3 cxd4 37. Rxf8+ Kxf8 38. Ra8+ Ke7 39. Ra7+
Kd6 40. Qxe4 dxe4 41. Rxg7 d3+ 42. Kd1 Bf6 43. Rb7 1-0

[Event "Madrid-ch 2017-2018 - Previa A"]
[Site "Madrid ESP"]
[Date "2018.02.20"]
[Round "8.4"]
[White "Jimenez Garcia, Rodrigo"]
[Black "Andalon Gomez, Carlos Jesus"]
[Result "1/2-1/2"]
[WhiteElo "1783"]
[BlackElo "1935"]
[PlyCount "71"]
[EventDate "2018.02.05"]
[EventType "swiss"]
[EventRounds "9"]
[EventCountry "ESP"]
[SourceTitle "Ajedrez en Madrid"]
[Source "lmi"]
[SourceDate "2018.02.05"]

1. e4 c6 2. d4 d5 3. Nd2 dxe4 4. Nxe4 Nd7 5. Ng5 Ndf6 6. Bc4 e6 7. c3 h6 8.
N5f3 Bd6 9. Qe2 Ne7 10. Ne5 O-O 11. Ngf3 c5 12. Be3 cxd4 13. Bxd4 Nf5 14. O-O-O
Qc7 15. Bb3 a5 16. Nc4 Nxd4 17. Nxd4 Bc5 18. Qe5 Qxe5 19. Nxe5 b6 20. Bc2 Ba6
21. Rhe1 b5 22. f3 Rfc8 23. Nb3 b4 24. Nxc5 Rxc5 25. Nd7 Nxd7 26. Rxd7 bxc3 27.
b3 Bb5 28. Rd4 Rac8 29. Red1 g6 30. Rd8+ Kg7 31. Rxc8 Rxc8 32. Bd3 Be8 33. Kc2
a4 34. Bc4 axb3+ 35. axb3 Ra8 36. Kxc3 1/2-1/2

[Event "Madrid-ch 2017-2018 - Previa A"]
[Site "Madrid ESP"]
[Date "2018.02.20"]
[Round "8.5"]
[White "Esteban Amo, Jose M"]
[Black "Perez Cameselle, Francisco Jose"]
[Result "1/2-1/2"]
[WhiteElo "1847"]
[BlackElo "1773"]
[PlyCount "100"]
[EventDate "2018.02.05"]
[EventType "swiss"]
[EventRounds "9"]
[EventCountry "ESP"]
[SourceTitle "Ajedrez en Madrid"]
[Source "lmi"]
[SourceDate "2018.02.05"]

1. e4 e6 2. d4 d5 3. Nd2 dxe4 4. Nxe4 Nd7 5. Nf3 Ngf6 6. Bd3 Nxe4 7. Bxe4 Nf6
8. Bg5 Be7 9. Bxf6 Bxf6 10. Qd3 Qe7 11. O-O-O h6 12. h4 c6 13. Qb3 Qc7 14. Rhe1
O-O 15. Kb1 Qb6 16. Qxb6 axb6 17. g4 g6 18. g5 hxg5 19. hxg5 Be7 20. Rh1 Kg7
21. Rh2 Rh8 22. Rxh8 Kxh8 23. Ne5 Kg7 24. f4 Bd6 25. Rf1 Kf8 26. b3 Ra5 27. Rh1
Bxe5 28. dxe5 Bd7 29. Rh7 Be8 30. Kb2 Kg8 31. Rh2 Ra7 32. Rd2 Kf8 33. Rd8 Ke7
34. Rb8 b5 35. a3 Bd7 36. c3 Be8 37. Bc2 c5 38. Rc8 Bc6 39. Rb8 Kd7 40. Rh8 Ke7
41. Rh7 Kf8 42. Rh2 Ke7 43. Re2 Ra8 44. Be4 Bxe4 45. Rxe4 Rh8 46. a4 bxa4 47.
bxa4 Kd7 48. Kb3 Kc6 49. c4 Rh3+ 50. Kb2 Rh2+ 1/2-1/2